000 01085nam a2200241 i 4500
001 139373
003 ES-MaACL
005 20230906195803.0
007 t|
008 070214s1965 sp r ||||1| spa d
100 1 _aSchad, Nicolaus.
_9104171
245 1 0 _aDiagnóstico diferencial de las cardiopatías congénitas
_b: sinopsis de la radiología, el electrocardiograma y el fonocardiograma /
_cpor Dr. Nicolaus Schad, Dr. Ralph Künzler, Dr. Teoman Onat... ; con la colaboración de la Dra. Hildegard Schad... ; prefacios de los profesores Dr. Ettore Rossi..., Dr. Rolf Glauner... ; [traducción de la edición alemana por A. Martínez-Muñoz].
260 _aBarcelona [etc.] :
_bLabor,
_c1965.
300 _a452 p. :
_bil. ;
_c29 cm.
650 4 _aCorazón-
_xDiagnóstico de las enfermedades.
_9157262
700 1 _aKuenzler, Ralph.
_968964
700 1 _aOnat, Teoman.
_987054
700 1 _aRossi, Ettore.
_999868
700 1 _aGlauner, Rolf.
_957416
700 1 _aMartínez-Muñoz, A.
_978267
700 1 _aSchad, Hildegard.
_9104170
852 _aES-MaACL
_jC-27561
_bR.58017
999 _c139373
_d139373